|
|
|
|
| LEADER |
00000cam a2200000 4500 |
| 001 |
vtls012081310 |
| 003 |
SK-MaSNL |
| 005 |
20260301191514.0 |
| 008 |
211217s2021 it grn 000 0dita |
| 015 |
|
|
|a SNBZSA2022/10
|
| 020 |
|
|
|a 9788893358637
|q (brožované)
|
| 040 |
|
|
|a SNK
|b slo
|c SNK
|e rda
|
| 041 |
0 |
|
|a ita
|b eng
|
| 044 |
|
|
|a it
|c IT
|
| 072 |
|
7 |
|a 27-46/-48
|x Pastorálna teológia
|2 konspekt
|
| 080 |
|
|
|a 27-46
|2 2011
|
| 080 |
|
|
|a (048.8)
|2 2011
|
| 100 |
1 |
|
|a Janiga, Michal,
|d 1982-
|4 aut
|9 374095
|
| 245 |
1 |
0 |
|a Verbum caro factum est
|b la ricostruzione della prospettiva teologico-pastorale di Sergio Lanza
|c Michal Janiga
|
| 264 |
|
1 |
|a Milano
|b EDUCatt
|c 2021
|
| 300 |
|
|
|a 346 strán
|c 24 cm
|
| 336 |
|
|
|a text
|b txt
|2 rdacontent
|
| 337 |
|
|
|a bez média
|b n
|2 rdamedia
|
| 338 |
|
|
|a zväzok
|b nc
|2 rdacarrier
|
| 504 |
|
|
|a Bibliografia na strane 323-346, bibliografické odkazy
|
| 600 |
1 |
7 |
|a Lanza, Sergio,
|d 1945-2012
|2 SNKMA
|9 568190
|
| 650 |
0 |
7 |
|a pastorálna teológia
|2 SNKPH
|9 1811
|
| 650 |
0 |
7 |
|a Pastoral theology
|2 SNKPHeng
|9 267041
|
| 655 |
|
7 |
|a monografie
|2 SNKPH
|9 70139
|
| 655 |
|
7 |
|a Monographs
|2 SNKPHeng
|9 120675
|
| 919 |
|
|
|a 978-88-9335-863-7
|
| 954 |
|
|
|a odborná, vedecká literatúra cudzojazyčná (svetová)
|2 lita
|
| 954 |
|
|
|a odborná, vedecká literatúra pôvodná (slovenská)
|2 lita
|
| 958 |
|
|
|a NB
|
| 958 |
|
|
|a ZS
|
| 958 |
|
|
|a NT
|
| 999 |
|
|
|c 871286
|d 873216
|
| 952 |
|
|
|a SNK
|b SNK
|y PREZ
|7 0
|p 17A1478681
|o snkSC 196152
|i snk2022/2133
|8 1
|0 0
|1 0
|4 0
|d 2022-02-09
|f 1
|l 0
|r 2025-10-15 00:00:00
|w 2026-02-24
|
| 952 |
|
|
|a SNK
|b SNK
|y VYP
|7 0
|p 17A1478680
|o snkSC 196152 D1
|i snk2022/2134
|8 1
|0 0
|1 0
|4 0
|d 2022-02-09
|l 0
|r 2026-02-24 05:42:39
|w 2026-02-24
|